Estadísticas para Campeones de la IndyCar

Haz click aquí para intentar la prueba.

Estadísticas generales

  • Esta prueba ha sido intentada 7 veces
  • La puntuación promedio es 17 de 29

Estadísticas de respuestas

TemporadaCampeón% Correcto
2023Álex Palou
100%
2021Álex Palou
100%
2019Josef Newgarden
86%
2017Josef Newgarden
86%
2022Will Power
86%
2014Will Power
86%
2020Scott Dixon
71%
2018Scott Dixon
71%
2003Scott Dixon
71%
2015Scott Dixon
71%
2008Scott Dixon
71%
2013Scott Dixon
71%
2004Tony Kanaan
57%
2005Dan Wheldon
43%
2011Dario Franchitti
43%
2009Dario Franchitti
43%
2010Dario Franchitti
43%
2007Dario Franchitti
43%
1998Kenny Bräck
43%
2012Ryan Hunter-Reay
43%
2006Sam Hornish Jr.
43%
2002Sam Hornish Jr.
43%
2001Sam Hornish Jr.
43%
2016Simon Pagenaud
43%
1996 - 1997Tony Stewart
43%
2000Buddy Lazier
29%
1996Buzz Calkins
29%
1999Greg Ray
29%
1996Scott Sharp
29%

Distribución de puntuación

Porcentaje por número respondido

Porcentaje de gente con cada puntuación

Historial de tus puntuaciones

No has intentado esta prueba.